Still President When...? Quiz Stats

 Plays Quiz Updated Apr 24, 2016

Support Sporcle.
Go Orange.
Score 0/20 Timer 04:00
3 Plays Today
President Y or N? % Correct
Bill Clinton???
95.9%
George W. Bush???
93.7%
George Washington???
91.8%
Ronald Reagan???
85.6%
Barack Obama???
84.3%
Woodrow Wilson???
78.1%
Franklin Roosevelt???
77.3%
Thomas Jefferson???
75.1%
George H.W. Bush???
73.1%
Richard Nixon???
71.5%
President Y or N? % Correct
Abraham Lincoln???
69.6%
John Kennedy???
68.4%
Dwight Eisenhower???
66.4%
Jimmy Carter???
65.9%
Theodore Roosevelt???
61.7%
Grover Cleveland???
53.3%
John Adams???
50.5%
James Madison???
48.6%
Rutherford Hayes???
45.1%
Lyndon Johnson???
45%

From the Vault

Island Countries

by davidr

No man is an island. But some countries are.
Remove Ads.
Support Sporcle.
Get the best of Sporcle when you Go Orange. This ad-free experience offers more features, more stats, and more fun while also helping to support Sporcle. Thank you for becoming a member.

Show Comments

Extras

Top Quizzes Today


Score Distribution

Your Account Isn't Verified!

In order to create a playlist on Sporcle, you need to verify the email address you used during registration. Go to your Sporcle Settings to finish the process.

Report this User

Report this user for behavior that violates our Community Guidelines.

Details: